000 00195 a2200097 4500
001 8597
100 _aMir Bashir
245 _aDastan-e-taqdeer
260 _a
_bFerozsons
_c
090 _c6919
_d6919
942 _aNUST-CAE
_cM
_c33510
999 _c243670
_d243670